000 00769nam a2200205 i 4500
001 91124
003 ES-MaACL
005 20230906180640.0
007 t|
008 050127s1908 sp ||||1| spa d
100 1 _aLe Rond
_cCapitán.
_970922
245 1 3 _aEl cañón de tiro rápido y la instrucción de la artillería /
_cpor el Capitán Le Rond ; traducido por Jorge Font.
260 _aBarcelona :
_bRevista Científico-Militar,
_c1908.
300 _a54 p., 2 h. de map pleg. ;
_c23 cm.
490 1 _aPublicaciones de la Revista Científico-Militar y Biblioteca Militar
700 1 _aFont, Jorge.
_951542
830 0 _aPublicaciones de la Revista Científico-Militar y Biblioteca Militar
_9183232
852 _aES-MaACL
_jG-9357(3)
999 _c91124
_d91124